Sami Chidambaranar (Record no. 36)

MARC details
000 -LEADER
fixed length control field 00665 a2200229 4500
010 ## - LIBRARY OF CONGRESS CONTROL NUMBER
LC control number TML-30176
020 ## - INTERNATIONAL STANDARD BOOK NUMBER
International Standard Book Number 8126023651
Terms of availability 125.00
035 ## - SYSTEM CONTROL NUMBER
System control number TM-28412
037 ## - SOURCE OF ACQUISITION
Source of stock number/acquisition D.B.Act / pub /
082 ## - DEWEY DECIMAL CLASSIFICATION NUMBER
Classification number 894.811092
090 ## - LOCALLY ASSIGNED LC-TYPE CALL NUMBER (OCLC); LOCAL CALL NUMBER (OCLC)
-- 36
-- 36
100 ## - MAIN ENTRY--PERSONAL NAME
Personal name Selvaraj D
245 ## - TITLE STATEMENT
Title Sami Chidambaranar
Statement of responsibility, etc D. Selvaraj
246 ## - VARYING FORM OF TITLE
Title proper/short title சாமி சிதம்பரனார்
250 ## - EDITION STATEMENT
Edition statement 1st ed
260 ## - PUBLICATION, DISTRIBUTION, ETC. (IMPRINT)
Place of publication, distribution, etc Chennai
Name of publisher, distributor, etc Sahitya Akademi
Date of publication, distribution, etc 2006
270 ## - ADDRESS
Address 35,Feroshah Road
City New Delhi
Postal code 110001
300 ## - PHYSICAL DESCRIPTION
Extent 331p
Dimensions 22cm
650 ## - SUBJECT ADDED ENTRY--TOPICAL TERM
Topical term or geographic name as entry element Biography
942 ## - ADDED ENTRY ELEMENTS (KOHA)
Koha item type Tamil Bks
Call number prefix 894.811092 / CHI
Holdings
Withdrawn status Lost status Source of classification or shelving scheme Damaged status Not for loan Home library Current library Date acquired Cost, normal purchase price Total Checkouts Barcode Date last seen Uniform Resource Identifier Cost, replacement price Price effective from Koha item type
    Dewey Decimal Classification   Not For Loan D.B.Act.Division D.B.Act.Division 12/09/2018 125.00   TM-28412 15/09/2008 43 125.00 15/09/2008 Tamil Bks

© Delhi Public Library
Hit Counter
free hit counter